Currency of EU Countries before joining the Eurozone - Statistics

General Stats
  • This quiz has been taken 94 times
  • The average score is 8 of 15
Answer Stats
Hint Answer % Correct
Germany (1948-2002) Deutsche mark
97%
France (1795-2002) French franc
92%
Italy (1861-2002) Italian lira
89%
Ireland (1938-2002) Irish pound
79%
Greece (1832-2002) Greek Drachma
68%
Spain (1868-2002) Spanish Peseta
56%
Austria (1945-2002) Austrian schilling
48%
The Netherlands (1400s-2002) Dutch guilder
48%
Portugal (1911-2002) Portuguese escudo
48%
Finland (1860-2002) Finnish markka (Finnish Mark)
33%
Belgium (1832-2002) Belgian franc
31%
Luxembourg (1854-2002) Luxembourg franc
21%
Slovenia (1991-2007) Slovenian tolar
20%
Estonia (1992-2011) Estonian kroon
15%
Malta (1972-2008) Maltese Lira
15%
No matching quizzes found
Score Distribution
Percent of People with Each Score
Percentile by Number Answered
Your Score History
You have not taken this quiz